MARC

LEADER 00000nam0a2200000 4500
001 42176
005 20231031015121.0
010 |a 5732503498 
035 |a (RuTPU)RU\TPU\book\43425 
090 |a 42176 
100 |a 20020826d2001 m y0rusy50 ca 
101 0 |a rus 
102 |a RU 
105 |a a j 001zy 
200 1 |a Отопление, вентиляция и кондиционирование воздуха объектов агропромышленного комплекса и жилищно-коммунального хозяйства  |e учебник  |f В. М. Свистунов, Н. К. Пушняков 
210 |a СПб.  |c Политехника  |d 2001 
215 |a 423 с.  |c ил. 
225 1 |a Учебник для вузов 
225 1 |a Федеральная программа книгоиздания России 
320 |a Библиогр.: с. 418-419. 
451 1 |0 (RuTPU)RU\TPU\book\88969  |y 5-7325-0402-8  |t Отопление, вентиляция и кондиционирование воздуха объектов агропромышленного комплекса и жилищно-коммунального хозяйства  |o учебник  |f В. М. Свистунов, Н. К. Пушняков  |e 2-е изд.  |c СПб.  |n Политехника  |d 2004  |p 421, [1] с.  |s Учебник для вузов  |a Свистунов, Василий Михайлович 
610 1 |a строительство 
610 1 |a вентиляция 
610 1 |a кондиционирование 
610 1 |a воздух 
610 1 |a микроклимат 
610 1 |a здания 
610 1 |a тепловой режим 
610 1 |a аэродинамика 
610 1 |a расчеты 
610 1 |a очистка 
610 1 |a отопление 
610 1 |a помещения 
610 1 |a вентиляционные сети 
610 1 |a вентиляционный воздух 
610 1 |a учебники 
675 |a 697(075.8)  |v 3 
700 1 |a Свистунов  |b В. М.  |g Василий Михайлович 
701 1 |a Пушняков  |b Н. К.  |g Николай Карпович 
801 1 |a RU  |b 63413507  |c 20020826  |g PSBO 
801 2 |a RU  |b 63413507  |c 20160311  |g PSBO 
900 |a Отопление, вентиляция и кондиционирование воздуха 
942 |c BK 
954 |a 550900  |b 100800